00449cam a22001457a 4500008004000000020001500040082001200055100002000067245009600087260003700183300001000220650003100230700002100261700002100282180718b2001 xxu||||| |||| 00| 0 eng d a0765806428 aG9 N731 aNonet, Philippe aLaw and society in transition: toward responsive lawcby Philippe Nonet and Philip Selznick aNew BrunswickbTransactionc2001 a122p. aSociological jurisprudence aKagan, Robert A. aSelznick, Philip